The Slovak minority in Magyarország :
Uložené v:
| Hlavný autor: | |
|---|---|
| Médium: | Kniha |
| Jazyk: | Slovak |
| Vydané: |
Cleveland :
Slovak Institute,
1983.
|
| Vydanie: | [1. vyd.] |
| Témy: | |
| ISBN: |
(brož.) |
| Fyzický popis: |
71 s. : mp., portrét ; 21 cm. |
| Tagy: |
Pridať tag
Žiadne tagy, Buďte prvý kto otaguje tento záznam!
|
Titul je dostupný aj v ... 

MARC
| LEADER | 00000nam a2200000 a 4500 | ||
|---|---|---|---|
| 001 | 000412921 | ||
| 005 | 20130522092038.0 | ||
| 008 | 000616s1983 hu bc e 001 0 slo d | ||
| 020 | |a (brož.) | ||
| 040 | |a SVKKK |b slo |c SVKKK |e AACR2 | ||
| 041 | 0 | |a slo |b eng | |
| 043 | |a e-hu--- | ||
| 044 | |a hu |c HU | ||
| 072 | 7 | |a 323 |x Vnútropolitický vývoj, politický život |2 konspekt | |
| 080 | |a 323.15 |2 2001 | ||
| 080 | |a (=162.4) |2 2001 | ||
| 080 | |a (439) |2 2001 | ||
| 080 | |a (048.8) |2 2001 | ||
| 100 | 1 | |a Böhm, Emanuel T., |d 1909- | |
| 245 | 1 | 4 | |a The Slovak minority in Magyarország : |a a memorandum of 1942 / |c Emanuel T. Böhm. |
| 246 | 3 | 1 | |a Slováci v Maďarsku : |b memorandum z roku 1942 |
| 250 | |a [1. vyd.] | ||
| 260 | |a Cleveland : |b Slovak Institute, |c 1983. | ||
| 300 | |a 71 s. : |b mp., portrét ; |c 21 cm. | ||
| 366 | |e 1000 výtl. | ||
| 500 | |a Reprint: Budapešť, 1942 | ||
| 500 | |a Popis podľa tiráže | ||
| 504 | |a Menný a miestny register: s. 66-68; skratky a vysvetlivky: s. 68 | ||
| 546 | |a Súbežný názov aj slov. | ||
| 546 | |a Resumé angl. | ||
| 650 | 0 | 7 | |a Slováci |2 SVKKKPH |
| 650 | 0 | 7 | |a memorandá |2 SVKKKPH |
| 650 | 0 | 7 | |a menšinová politika |2 SVKKKPH |
| 651 | 7 | |a Maďarsko |2 SVKKKPH | |
| 655 | 7 | |a štúdie |2 SVKKKPH | |
| 910 | |a svkkk | ||
| 998 | |a BK | ||
| 090 | |g SCKHL |k Sklad Hlavná 10 prízemie |a IV.216388 |j 1042339 |i 2720272395 |4 Xerokópia |s Absenčne | ||